Duran Duran Lyrics - Statistics

General Stats
  • This quiz has been taken 916 times
  • The average score is 9 of 14
Answer Stats
Hint Answer % Correct
Moving on the floor now babe you're a bird of paradise. Rio
93%
Darken the city, night is a wire. Steam in the subway, earth is afire Hungry Like the Wolf
88%
See them walking hand in hand across the bridge at midnight. Girls on Film
76%
Meeting you, with a view to a kill. A View to a Kill
75%
You've gone too far this time, but I'm dancing on the valentine. The Reflex
70%
The wild boys are calling on their way back from the fire. The Wild Boys
63%
You saw me standing by the old corner of the main street. Save a Prayer
60%
Only came outside to watch the nightfall with the rain. Planet Earth
57%
Came in from a rainy Thursday on the avenue. Ordinary World
51%
Telegram force and ready, I knew this was a big mistake. Union of the Snake
51%
I made a break I run out yesterday tried to find my mountain hideaway. Is There Something I Should Know?
46%
I can't read about it, burns the skin from your eyes. Notorious
43%
Shake up the picture the lizard mixture with your dance on the eventide. New Moon on Monday
41%
Mine, immaculate dream made breath and skin. Come Undone
40%
No matching quizzes found
Score Distribution
Percent of People with Each Score
Percentile by Number Answered
Your Score History
You have not taken this quiz